000 00671nam a2200217 a 4500
999 _c9377
_d9377
001 9377
003 BD-JhCC
005 20180313170354.0
008 180313s1975 bg |||| ||a| 000 0 b d
035 _a(BD-JhCC)9377
040 _aBD-JhCC
_dBD-JhCC
041 _aben
082 _a100
_bAHM 1975
100 _aআহমদ, মফিজউদ্দিন ।
245 _aবার্ট্র্যান্ড রাসেল /
_cমফিজুদ্দিন আহমদ ।
260 _aঢাকা :
_bবেঙ্গল অফসেট প্রেস;
_c1975.
300 _a197 p. :
_c22 cm.
651 _aphilosphy.
942 _2ddc
_cBK